Cities with airports with over 100 direct destinations - Statistics

General Stats
  • This quiz has been taken 105 times
  • The average score is 99 of 119
Answer Stats
Hint Answer % Correct
Belgium Brussels
100%
Spain Madrid
99%
Greece Athens
98%
Egypt Cairo
98%
France Paris
98%
Italy Rome
98%
Austria Vienna
98%
Netherlands Amsterdam
96%
Spain Barcelona
96%
China Beijing
96%
Germany Berlin
96%
Finland Helsinki
96%
Portugal Lisbon
96%
Italy Milan
96%
India New Delhi
96%
Czechia (Czech Republic) Prague
96%
China Shanghai
96%
Canada Toronto
96%
Thailand Bangkok
95%
Hungary Budapest
95%
UAE Dubai
95%
Türkiye (Turkey) Istanbul
95%
India Mumbai
95%
Norway Oslo
95%
Brazil São Paulo
95%
South Korea Seoul
95%
Singapore Singapore
95%
Japan Tokyo
95%
UAE Abu Dhabi
94%
Ireland Dublin
94%
UK London
94%
USA Los Angeles
94%
Mexico Mexico City
94%
Germany Munich
94%
USA New York
94%
Poland Warsaw
94%
Colombia Bogota
93%
Denmark Copenhagen
93%
Germany Frankfurt
93%
Canada Montreal
93%
Russia Moscow
93%
Italy Naples
93%
Iceland Reykjavik
93%
USA Chicago
91%
Qatar Doha
91%
Switzerland Geneva
91%
Portugal Porto
91%
Saudi Arabia Riyadh
91%
Israel Tel Aviv
91%
Canada Vancouver
91%
Switzerland Zürich
91%
Ethiopia Addis Ababa
90%
Luxembourg Luxembourg City
90%
France Lyon
90%
USA Seattle
90%
Sweden Stockholm
90%
USA Atlanta
89%
UK Birmingham
89%
Morocco Casablanca
89%
UK Manchester
89%
France Marseille
89%
USA San Francisco
89%
Romania Bucharest
88%
Germany Hamburg
86%
China Hong Kong
86%
USA Houston
86%
Malaysia Kuala Lumpur
86%
USA Miami
86%
USA Washington
86%
USA Boston
85%
USA Dallas-Fort Worth
85%
Saudi Arabia Jeddah
85%
France Nice
85%
USA Philadelphia
85%
USA Denver
84%
China Guangzhou
84%
Poland Krakow
84%
Serbia Belgrade
83%
UK Edinburgh
83%
China Wuhan
83%
China Xi’an
83%
Mexico Cancún
81%
Germany Cologne-Bonn
81%
Germany Düsseldorf
80%
USA Orlando
80%
Spain Valencia
80%
Canada Calgary
76%
Greece Heraklion (Crete)
76%
Germany Stuttgart
76%
France / Switzerland Basel Mulhouse Freiburg
75%
Spain Málaga
75%
USA Phoenix
74%
India Bengaluru
73%
USA Detroit
73%
USA Las Vegas
73%
China Shenzhen
73%
Türkiye (Turkey) Antalya
71%
China Chengdu
71%
Morocco Marrakech
71%
Spain Palma De Mallorca
71%
Italy Bologna
70%
China Chongqing
70%
USA Charlotte
69%
USA Minneapolis
69%
Malta Malta
65%
China Xiamen
64%
USA Tampa
63%
China Hangzhou
61%
Italy Bari
54%
UK Bristol
53%
Spain Gran Canaria (Las Palmas)
53%
Spain Alicante
51%
China Kunming
49%
USA Nashville
49%
Spain Tenerife (Reina Sofia)
48%
USA Salt Lake City
44%
Greece Corfu
43%
USA Fort Lauderdale
35%
China Haikou
25%
No matching quizzes found
Score Distribution
Percent of People with Each Score
Percentile by Number Answered
Your Score History
You have not taken this quiz